[Event "POR-ch blitz"]
[Site "Almada"]
[Date "2017.06.10"]
[Round "8"]
[White "Ulyanovskyy, Vladimir Viktorovic"]
[Black "Silva, Miguel Antonio Neto"]
[Result "0-1"]
[WhiteElo "2105"]
[BlackElo "2213"]
[PlyCount "104"]
[EventDate "2017.06.10"]
[EventType "swiss (blitz)"]
[EventRounds "11"]
[EventCountry "POR"]
[SourceTitle "CBM 178 Extra"]
[Source "ChessBase"]
[SourceDate "2017.06.22"]
[SourceVersion "1"]
[SourceVersionDate "2017.06.22"]
[SourceQuality "1"]

1. e4 c5 2. c4 Nc6 3. Ne2 g6 4. d4 cxd4 5. Nxd4 Bg7 6. Be3 Nf6 7. Nc3 d6 8. Be2 Bd7 9. Qd2 0-0 10. 0-0 Nxd4 11. Bxd4 Bc6 12. f3 Qa5 13. a3 Rfc8 14. b4 Qd8 15. Rfc1 Bd7 16. Nd5 e5 17. Nxf6+ Bxf6 18. Be3 Be6 19. Rc2 b6 20. Rd1 Be7 21. c5 bxc5 22. bxc5 dxc5 23. Qxd8+ Bxd8 24. Rdc1 Bb6 25. Bxc5 Rxc5 26. Rxc5 Rc8 27. Kf1 Rxc5 28. Rd1 Bc4 29. Rd7 Bxe2+ 30. Kxe2 Rc3 31. a4 Ra3 32. Rd5 Ra2+ 33. Kd3 Bd4 34. a5 Rxg2 35. f4 f6 36. fxe5 fxe5 37. Kc4 Rxh2 38. Rd7 Ra2 39. Kd5 Rxa5+ 40. Ke6 Ra6+ 41. Kd5 Rf6 42. Kc4 h5 43. Rb7 h4 44. Rb3 g5 45. Rb8+ Kg7 46. Rb7+ Kg6 47. Rb8 Kh5 48. Rh8+ Kg4 49. Kd5 h3 50. Rc8 h2 51. Rc2 h1Q 52. Rc1 Rd6+ 0-1

[Event "POR-chT"]
[Site "Porto"]
[Date "2016.08.17"]
[Round "5.12"]
[White "Ulyanovskyy, Vladimir Viktorovic"]
[Black "Starostits, Ilmars"]
[Result "0-1"]
[WhiteElo "2113"]
[BlackElo "2444"]
[PlyCount "76"]
[EventDate "2016.08.14"]
[EventType "team-tourn"]
[EventRounds "9"]
[EventCountry "POR"]
[SourceTitle "CBM 173 Extra"]
[Source "ChessBase"]
[SourceDate "2016.08.29"]
[SourceVersion "1"]
[SourceVersionDate "2016.08.29"]
[SourceQuality "1"]
[WhiteTeam "Barreirense"]
[BlackTeam "Dias Ferreira"]
[WhiteTeamCountry "POR"]
[BlackTeamCountry "POR"]

1. e4 b6 2. g3 Bb7 3. Bg2 c5 4. Nc3 Nc6 5. Nge2 Nd4 6. 0-0 g6 7. d3 Bg7 8. Be3 a6 9. Qd2 e6 10. Rae1 Ne7 11. Nd1 h5 12. c3 Nxe2+ 13. Rxe2 d5 14. d4 cxd4 15. Bxd4 e5 16. exd5 exd4 17. Rfe1 0-0 18. Rxe7 Bxd5 19. Bxd5 Qxd5 20. b3 Qa5 21. b4 dxc3 22. bxa5 cxd2 23. R1e3 b5 24. Kf1 Bf6 25. Rb7 Bg5 26. Re2 Rac8 27. f4 Rfd8 28. Re4 Re8 29. Re2 Rxe2 30. Kxe2 Bd8 31. Kxd2 Bxa5+ 32. Ke3 Rc2 33. Nf2 Rxa2 34. g4 Bd2+ 35. Kf3 Ra3+ 36. Ke4 hxg4 37. Nd3 Ra4+ 38. Ke5 Bc3+ 0-1

[Event "POR-chT"]
[Site "Caldas da Rainha"]
[Date "2014.08.20"]
[Round "6.4"]
[White "Goncalves, Luis Augusto Soares"]
[Black "Ulyanovskyy, Vladimir Viktorovic"]
[Result "0-1"]
[WhiteElo "1894"]
[BlackElo "2085"]
[PlyCount "82"]
[EventDate "2014.08.17"]
[EventType "team-tourn"]
[EventRounds "9"]
[EventCountry "POR"]
[SourceTitle "CBM 161 Extra"]
[Source "ChessBase"]
[SourceDate "2014.08.29"]
[SourceVersion "1"]
[SourceVersionDate "2014.08.29"]
[SourceQuality "1"]
[WhiteTeam "Escola Joao de Meira"]
[BlackTeam "Barreirense"]
[WhiteTeamCountry "POR"]
[BlackTeamCountry "POR"]

1. c4 c5 2. g3 g6 3. Bg2 Bg7 4. Nf3 Nc6 5. Nc3 e6 6. 0-0 Nge7 7. d3 0-0 8. Rb1 d5 9. a3 b6 10. Na4 dxc4 11. dxc4 Ba6 12. b3 Qc7 13. Bb2 Rad8 14. Qc2 Nd4 15. Nxd4 cxd4 16. Rbc1 Rc8 17. Qb1 e5 18. Qa1 Nf5 19. Bh3 Bb7 20. c5 Qc6 21. f3 b5 22. Nc3 dxc3 23. Rxc3 Rcd8 24. Bxf5 gxf5 25. Rc2 Rfe8 26. b4 Qg6 27. Qc1 Bc6 28. Rd1 Qh6 29. Rcd2 Rxd2 30. Qxd2 Qxd2 31. Rxd2 Bf8 32. Kf2 f6 33. f4 Kf7 34. h3 h5 35. g4 hxg4 36. hxg4 fxg4 37. f5 Be7 38. Rd1 Rd8 39. Rg1 Be4 40. Ke3 Bxf5 41. Rf1 Ke6 0-1

[Event "POR-chT"]
[Site "Caldas da Rainha"]
[Date "2014.08.18"]
[Round "3.1"]
[White "Forgas Moreno, Yaniela"]
[Black "Ulyanovskyy, Vladimir Viktorovic"]
[Result "1-0"]
[WhiteElo "2150"]
[BlackElo "2085"]
[PlyCount "77"]
[EventDate "2014.08.17"]
[EventType "team-tourn"]
[EventRounds "9"]
[EventCountry "POR"]
[SourceTitle "CBM 161 Extra"]
[Source "ChessBase"]
[SourceDate "2014.08.29"]
[SourceVersion "1"]
[SourceVersionDate "2014.08.29"]
[SourceQuality "1"]
[WhiteTeam "Dias Ferreira"]
[BlackTeam "Barreirense"]
[WhiteTeamCountry "POR"]
[BlackTeamCountry "POR"]

1. e4 c5 2. Nf3 e6 3. d4 cxd4 4. Nxd4 a6 5. Bd3 Bc5 6. Nb3 Be7 7. Nc3 Qc7 8. 0-0 Nf6 9. f4 d6 10. Qe1 Nc6 11. Qg3 0-0 12. Be3 b5 13. a3 Bb7 14. Rae1 Kh8 15. Qh3 g6 16. g4 Bc8 17. g5 Nh5 18. f5 exf5 19. exf5 Ng7 20. Nd4 Ne5 21. Be4 Rb8 22. Nd5 Qd8 23. Nxe7 Qxe7 24. Qh6 Nxf5 25. Bxf5 Bxf5 26. Rxf5 Ng4 27. Qh3 gxf5 28. Nxf5 Qd7 29. Qxg4 h6 30. Qh3 f6 31. Qxh6+ Qh7 32. gxf6 Rbe8 33. f7 Qxh6 34. Nxh6 Rc8 35. c3 Kh7 36. Bf4 d5 37. Re6 Rfd8 38. Bg5 Rh8 39. Nf5 1-0

[Event "Barreiro op 2nd"]
[Site "Barreiro"]
[Date "2014.04.06"]
[Round "7"]
[White "Diogo, Vasco Andre Marcalo"]
[Black "Ulyanovskyy, Vladimir Viktorovic"]
[Result "1/2-1/2"]
[WhiteElo "2269"]
[BlackElo "2079"]
[PlyCount "91"]
[EventDate "2014.03.28"]
[EventType "swiss"]
[EventRounds "7"]
[EventCountry "POR"]
[SourceTitle "EXT 2018"]
[Source "ChessBase"]
[SourceDate "2017.10.13"]
[SourceVersion "1"]
[SourceVersionDate "2017.10.13"]
[SourceQuality "1"]

1. e4 c5 2. Nf3 e6 3. d4 cxd4 4. Nxd4 a6 5. Bd3 Qc7 6. 0-0 Nf6 7. c4 Be7 8. Nc3 0-0 9. Be3 d6 10. Rc1 Nbd7 11. f4 b6 12. b4 Rd8 13. Qf3 Bb7 14. Nd5 exd5 15. cxd5 Qb8 16. Nc6 Bxc6 17. dxc6 Nc5 18. bxc5 dxc5 19. Rfd1 Qc7 20. e5 Nd5 21. Be4 Nxe3 22. Qxe3 g6 23. g4 Rxd1+ 24. Rxd1 Rd8 25. Rxd8+ Qxd8 26. Qd3 b5 27. Bd5 c4 28. Qe4 c3 29. Bb3 Bc5+ 30. Kg2 Qd2+ 31. Kh3 Bg1 32. Qg2 Qd3+ 33. Qg3 Qf1+ 34. Qg2 Qd3+ 35. Kh4 Bb6 36. Bc2 Bd8+ 37. g5 Qe3 38. Kg4 Kg7 39. h4 h5+ 40. gxh6+ Kxh6 41. Be4 Qe1 42. Kf3 Qxh4 43. Qg3 Qh1+ 44. Qg2 Qh5+ 45. Qg4 Qh1+ 46. Qg2 1/2-1/2

[Event "Barreiro op 2nd"]
[Site "Barreiro"]
[Date "2014.03.29"]
[Round "2"]
[White "Ulyanovskyy, Vladimir Viktorovic"]
[Black "Bravo, Antonio Jose Vieira"]
[Result "1/2-1/2"]
[WhiteElo "2079"]
[BlackElo "1851"]
[PlyCount "72"]
[EventDate "2014.03.28"]
[EventType "swiss"]
[EventRounds "7"]
[EventCountry "POR"]
[SourceTitle "EXT 2018"]
[Source "ChessBase"]
[SourceDate "2017.10.13"]
[SourceVersion "1"]
[SourceVersionDate "2017.10.13"]
[SourceQuality "1"]

1. e4 e5 2. Nf3 Nc6 3. d4 exd4 4. Nxd4 d6 5. Bc4 Nf6 6. 0-0 Be7 7. Re1 0-0 8. Nc3 Ne5 9. Bf1 c5 10. Nde2 Bg4 11. f4 Nc6 12. h3 Bxe2 13. Bxe2 a6 14. Be3 Qc7 15. Bf3 Rad8 16. Qd2 Rfe8 17. Rad1 b5 18. Qf2 b4 19. Nd5 Nxd5 20. Rxd5 Bf6 21. b3 Nd4 22. g4 Qe7 23. g5 Nxf3+ 24. Qxf3 Bc3 25. Bd2 Bxd2 26. Rxd2 f6 27. Rd5 fxg5 28. Rxg5 Rf8 29. Rg4 Rf6 30. Kh2 Rdf8 31. f5 Rxf5 32. exf5 Qxe1 33. Qd5+ Kh8 34. Qxd6 Qf2+ 35. Rg2 Qxf5 36. Qc7 Rf7 1/2-1/2

[Event "POR-chT"]
[Site "Porto"]
[Date "2013.08.20"]
[Round "4.5"]
[White "Ulyanovskyy, Vladimir Viktorovic"]
[Black "Silva, Flavio Artur Cardos"]
[Result "1/2-1/2"]
[WhiteElo "2081"]
[BlackElo "1930"]
[PlyCount "34"]
[EventDate "2013.08.18"]
[EventType "team-tourn"]
[EventRounds "9"]
[EventCountry "POR"]
[SourceTitle "CBM 156 Extra"]
[Source "ChessBase"]
[SourceDate "2013.10.22"]
[SourceVersion "1"]
[SourceVersionDate "2013.10.22"]
[SourceQuality "1"]
[WhiteTeam "Barreirense"]
[BlackTeam "Ferroviarios do Barreiro"]
[WhiteTeamCountry "POR"]
[BlackTeamCountry "POR"]

1. e4 c5 2. c4 d6 3. Ne2 g6 4. d4 cxd4 5. Nxd4 Bg7 6. Be2 Nf6 7. Nc3 0-0 8. Be3 Bd7 9. Qd2 Nc6 10. 0-0 Nxd4 11. Bxd4 Bc6 12. f3 a6 13. Nd5 Nxd5 14. cxd5 Bxd4+ 15. Qxd4 Bd7 16. Rac1 Qa5 17. a3 Rfc8 1/2-1/2

[Event "POR-chT"]
[Site "Porto"]
[Date "2013.08.19"]
[Round "3.2"]
[White "Pena Gomez, Manuel"]
[Black "Ulyanovskyy, Vladimir Viktorovic"]
[Result "1-0"]
[WhiteElo "2414"]
[BlackElo "2081"]
[PlyCount "143"]
[EventDate "2013.08.18"]
[EventType "team-tourn"]
[EventRounds "9"]
[EventCountry "POR"]
[SourceTitle "CBM 156 Extra"]
[Source "ChessBase"]
[SourceDate "2013.10.22"]
[SourceVersion "1"]
[SourceVersionDate "2013.10.22"]
[SourceQuality "1"]
[WhiteTeam "Gaia"]
[BlackTeam "Barreirense"]
[WhiteTeamCountry "POR"]
[BlackTeamCountry "POR"]

1. g3 c5 2. Bg2 g6 3. Nf3 Bg7 4. 0-0 Nc6 5. e3 e6 6. d4 cxd4 7. Nxd4 Nxd4 8. exd4 d5 9. c4 Nf6 10. Nc3 0-0 11. Qb3 Qb6 12. Rd1 dxc4 13. Qxc4 Bd7 14. Qc5 Bc6 15. Qxb6 axb6 16. Be3 Nd5 17. Nxd5 Bxd5 18. Bxd5 exd5 19. Rd3 Rfc8 20. Rb3 Rc6 21. a4 h5 22. Kf1 Ra6 23. Ke2 Rc4 24. Kd3 Rc6 25. Rb5 Ra5 26. Bd2 Rxb5 27. axb5 Rd6 28. Ra8+ Kh7 29. Rc8 Rd7 30. Bf4 Bf6 31. Bc7 g5 32. Bxb6 Kg6 33. Bc5 Kf5 34. h3 Bd8 35. f3 h4 36. gxh4 gxh4 37. Ke3 Bg5+ 38. Kf2 Bf4 39. Rh8 Bg3+ 40. Ke2 Rc7 41. Rh5+ Ke6 42. f4 Bxf4 43. Rxh4 Bg5 44. Rg4 Kf5 45. Kf3 Bc1 46. Rg8 b6 47. Bxb6 Rb7 48. Bc5 Rxb5 49. b4 Bd2 50. Rg2 Bf4 51. Rg7 Bd2 52. Rg2 Bf4 53. Re2 f6 54. Rb2 Bc7 55. Ke3 Bf4+ 56. Kd3 Rb8 57. Rf2 Rd8 58. b5 Kg5 59. b6 Rd7 60. Kc3 f5 61. Kb4 Bb8 62. Kb5 f4 63. Kc6 Rh7 64. Rf3 Kf5 65. Kxd5 Rh8 66. b7 Rh6 67. Ra3 Rh7 68. Kc6 Ke4 69. Ra8 Rh8 70. d5 f3 71. d6 Rf8 72. Rxb8 1-0

[Event "POR-ch"]
[Site "Pampilhosa da Serra"]
[Date "2012.08.11"]
[Round "8"]
[White "Ulyanovskyy, Vladimir Viktorovic"]
[Black "Santos, Hugo Lima"]
[Result "0-1"]
[WhiteElo "2066"]
[BlackElo "2146"]
[PlyCount "86"]
[EventDate "2012.08.04"]
[EventType "tourn"]
[EventRounds "9"]
[EventCountry "POR"]
[EventCategory "1"]
[SourceTitle "CBM 149 Extra"]
[Source "ChessBase"]
[SourceDate "2012.08.24"]
[SourceVersion "1"]
[SourceVersionDate "2012.08.24"]
[SourceQuality "1"]

1. e4 e5 2. Nf3 Nc6 3. Bc4 Bc5 4. 0-0 Nf6 5. d3 d6 6. h3 a6 7. Be3 Ba7 8. Bxa7 Rxa7 9. c3 Na5 10. Bb3 Nxb3 11. axb3 0-0 12. Nbd2 Re8 13. Re1 Ra8 14. d4 Bd7 15. dxe5 dxe5 16. Nc4 Bc6 17. Qc2 Nd7 18. Rad1 Qf6 19. Na5 Nf8 20. Nxc6 bxc6 21. Qe2 Ne6 22. g3 h5 23. h4 Reb8 24. Nd2 g6 25. Ra1 a5 26. Ra3 Kg7 27. Qe3 g5 28. hxg5 Nxg5 29. Kg2 h4 30. f4 exf4 31. gxf4 Ne6 32. f5 Ng5 33. Qf4 Rd8 34. e5 Rxd2+ 35. Qxd2 Qxf5 36. Qe3 Rd8 37. Kh1 Rd3 38. Qe2 Rh3+ 39. Kg2 Rg3+ 40. Kh1 Rh3+ 41. Kg2 Rg3+ 42. Kh1 Nf3 43. Qf1 Rh3+ 0-1

[Event "POR-chT"]
[Site "Porto"]
[Date "2012.07.26"]
[Round "6.1"]
[White "Vassallo Barroche, Mauricio"]
[Black "Ulyanovskyy, Vladimir Viktorovic"]
[Result "1-0"]
[WhiteElo "2433"]
[BlackElo "2073"]
[PlyCount "97"]
[EventDate "2012.07.21"]
[EventType "team-tourn"]
[EventRounds "9"]
[EventCountry "POR"]
[SourceTitle "CBM 149 Extra"]
[Source "ChessBase"]
[SourceDate "2012.08.24"]
[SourceVersion "1"]
[SourceVersionDate "2012.08.24"]
[SourceQuality "1"]
[WhiteTeam "Vale de Cambra"]
[BlackTeam "Barreirense"]
[WhiteTeamCountry "POR"]
[BlackTeamCountry "POR"]

1. Nf3 c5 2. c4 Nc6 3. Nc3 g6 4. e3 Bg7 5. d4 cxd4 6. exd4 d6 7. h3 Bd7 8. Be3 Nh6 9. g4 f5 10. g5 Nf7 11. d5 Nb4 12. a3 Na6 13. h4 Nc7 14. Be2 e5 15. dxe6 Nxe6 16. Nd5 Bc6 17. Qd2 Nc5 18. Rd1 Ne4 19. Qb4 0-0 20. Bd4 Bxd5 21. cxd5 Qe7 22. Bxg7 Kxg7 23. Nd4 Nd8 24. f3 Ng3 25. Rg1 f4 26. Qc3 Kg8 27. Kf2 Nf5 28. Nxf5 Rxf5 29. Rge1 Nf7 30. Bf1 Re5 31. Bh3 Rxe1 32. Rxe1 Ne5 33. Be6+ Kh8 34. Re4 Rf8 35. Rc4 h6 36. Rc7 Qd8 37. Rc8 Qe7 38. Rxf8+ Qxf8 39. Qc7 hxg5 40. hxg5 Qg7 41. Qxd6 Kh7 42. Qd8 Nd3+ 43. Kf1 Nc5 44. Qf6 b6 45. Kg2 Nb7 46. Kh3 Nd6 47. Kg4 Qc7 48. Qxf4 Qc5 49. Qh2+ 1-0

[Event "POR-chT"]
[Site "Porto"]
[Date "2012.07.25"]
[Round "5.1"]
[White "Ulyanovskyy, Vladimir Viktorovic"]
[Black "Pena Gomez, Manuel"]
[Result "1-0"]
[WhiteElo "2073"]
[BlackElo "2408"]
[PlyCount "109"]
[EventDate "2012.07.21"]
[EventType "team-tourn"]
[EventRounds "9"]
[EventCountry "POR"]
[SourceTitle "CBM 149 Extra"]
[Source "ChessBase"]
[SourceDate "2012.08.24"]
[SourceVersion "1"]
[SourceVersionDate "2012.08.24"]
[SourceQuality "1"]
[WhiteTeam "Barreirense"]
[BlackTeam "Gaia"]
[WhiteTeamCountry "POR"]
[BlackTeamCountry "POR"]

1. e4 c5 2. Nf3 e6 3. c4 Nc6 4. Be2 Nf6 5. Nc3 Qc7 6. 0-0 a6 7. d4 cxd4 8. Nxd4 Nxd4 9. Qxd4 Bc5 10. Qd3 h5 11. Be3 Ng4 12. Bxg4 hxg4 13. g3 d6 14. Qe2 Bxe3 15. fxe3 Qb6 16. Rf2 Bd7 17. Qxg4 Qxe3 18. Qxg7 0-0-0 19. Qf6 Rh7 20. Rd1 Bc6 21. Qd4 Qg5 22. b4 Qh5 23. a4 f5 24. exf5 exf5 25. Nd5 Rg8 26. Rd3 Re8 27. Re3 Rxe3 28. Nxe3 Be4 29. Qxd6 Rd7 30. Qf4 Rd3 31. h4 Qg6 32. Kh2 Qe6 33. Nxf5 Rd1 34. g4 Bc6 35. Ng3 Qe1 36. Nf1 Bxa4 37. Qe3 Qxb4 38. h5 Qxc4 39. Qf4 Rd4 40. Qf8+ Kc7 41. Qf7+ Bd7 42. Qxc4+ Rxc4 43. Ne3 Rc6 44. Kg3 Kd6 45. h6 Rc3 46. Kf4 Rc8 47. h7 Rh8 48. Rh2 Ke7 49. Kg5 Bc6 50. Kh6 Rf8 51. g5 Be4 52. g6 b5 53. g7 Rf6+ 54. Kg5 Bxh7 55. Nd5+ 1-0

[Event "POR-ch"]
[Site "Amadora"]
[Date "2011.09.10"]
[Round "8"]
[White "Vasques, Antonio Pedro Freix"]
[Black "Ulyanovskyy, Vladimir Viktorovic"]
[Result "1/2-1/2"]
[WhiteElo "2200"]
[BlackElo "2085"]
[PlyCount "35"]
[EventDate "2011.09.03"]
[EventType "tourn"]
[EventRounds "9"]
[EventCountry "POR"]
[EventCategory "1"]
[SourceTitle "CBM 144 Extra"]
[Source "ChessBase"]
[SourceDate "2011.10.28"]
[SourceVersion "1"]
[SourceVersionDate "2011.10.28"]
[SourceQuality "1"]

1. d4 Nf6 2. c4 e6 3. Nc3 Bb4 4. f3 d5 5. a3 Bxc3+ 6. bxc3 h6 7. cxd5 exd5 8. e3 Bf5 9. Ne2 0-0 10. Ng3 Bg6 11. Bd3 Bxd3 12. Qxd3 c5 13. 0-0 Nc6 14. Ra2 Qd7 15. Nf5 Ne7 16. Ng3 Nc6 17. Nf5 Ne7 18. Ng3 1/2-1/2

[Event "World ol U16 09th"]
[Site "Burdur"]
[Date "2010.11.29"]
[Round "4"]
[White "Al Tarbosh, Ward"]
[Black "Ulyanovskyy, Vladimir Viktorovic"]
[Result "1/2-1/2"]
[WhiteElo "2258"]
[BlackElo "2024"]
[PlyCount "121"]
[EventDate "2010.11.27"]
[EventType "team-swiss"]
[EventRounds "10"]
[EventCountry "TUR"]
[SourceTitle "CBM 139 Extra"]
[Source "ChessBase"]
[SourceDate "2011.01.05"]
[SourceVersion "1"]
[SourceVersionDate "2011.01.05"]
[SourceQuality "1"]
[WhiteTeam "Syria"]
[BlackTeam "Portugal"]
[WhiteTeamCountry "SYR"]
[BlackTeamCountry "POR"]

1. e4 c5 2. Nf3 Nc6 3. d4 cxd4 4. Nxd4 g6 5. c4 Bg7 6. Be3 d6 7. Nc3 Nf6 8. Be2 a5 9. 0-0 0-0 10. Kh1 a4 11. Rc1 Qa5 12. f3 Nxd4 13. Bxd4 Be6 14. b3 axb3 15. axb3 Nd7 16. Bxg7 Kxg7 17. f4 f6 18. Bg4 Bxg4 19. Qxg4 Nc5 20. Qd1 Qb4 21. Rf3 Qxb3 22. Qe2 Ra5 23. Rb1 Qa3 24. h3 Rf7 25. e5 dxe5 26. fxe5 Ra6 27. Kh2 Qa5 28. Rb5 Qc7 29. Nd5 Qc6 30. Nb4 Qc7 31. Nd5 Qc6 32. Qf1 Nd7 33. Nb4 Qc7 34. Nxa6 bxa6 35. Rbb3 Nxe5 36. Rg3 Qxc4 37. Qxc4 Nxc4 38. Rgc3 Ne5 39. Ra3 g5 40. Rxa6 Ng6 41. g3 e5 42. Rac6 f5 43. Rc7 e4 44. R3c5 Ne7 45. g4 Kf6 46. gxf5 Rf8 47. Rc4 Nd5 48. Rxh7 Kxf5 49. Rc5 Rd8 50. Kg3 Ke5 51. Rg7 Kd4 52. Rc6 e3 53. Rxg5 Nc3 54. Rg4+ Ne4+ 55. Kf3 Rf8+ 56. Rf4 Rxf4+ 57. Kxf4 e2 58. Rc1 Kd3 59. Kf3 Ng5+ 60. Kg4 Nxh3 61. Kxh3 1/2-1/2

[Event "World ol U16 09th"]
[Site "Burdur"]
[Date "2010.11.27"]
[Round "1"]
[White "Roberts, Marcel Jude"]
[Black "Ulyanovskyy, Vladimir Viktorovic"]
[Result "0-1"]
[WhiteElo "1834"]
[BlackElo "2024"]
[PlyCount "74"]
[EventDate "2010.11.27"]
[EventType "team-swiss"]
[EventRounds "10"]
[EventCountry "TUR"]
[SourceTitle "CBM 139 Extra"]
[Source "ChessBase"]
[SourceDate "2011.01.05"]
[SourceVersion "1"]
[SourceVersionDate "2011.01.05"]
[SourceQuality "1"]
[WhiteTeam "South Africa"]
[BlackTeam "Portugal"]
[WhiteTeamCountry "RSA"]
[BlackTeamCountry "POR"]

1. e4 c5 2. Nf3 e6 3. d4 cxd4 4. Nxd4 a6 5. Be2 Nf6 6. Nc3 Bb4 7. Bd3 Qc7 8. 0-0 Bxc3 9. bxc3 Qxc3 10. Nb3 0-0 11. Bd2 Qc7 12. Bg5 d6 13. Bxf6 gxf6 14. f4 Kh8 15. Qh5 Nc6 16. Qh6 Qd8 17. Rf3 Rg8 18. Rh3 Rg7 19. e5 f5 20. exd6 b6 21. Rf1 Ra7 22. Rff3 f6 23. Bf1 Raf7 24. Rd3 Bb7 25. Rd2 Nb8 26. c4 Nd7 27. Re2 Qg8 28. Nd4 Rg6 29. Qh4 Rfg7 30. Rg3 Nc5 31. Rxg6 Rxg6 32. g3 Be4 33. Nb3 Qc8 34. Nd2 Kg7 35. Nxe4 Nxe4 36. Qh3 Qxc4 37. Qg2 Qc5+ 0-1